Les Enfoirés 2017 : Toutes les chansons - Statistiques

Statistiques générales
  • Ce quiz a été pris 13 fois
  • Le résultat moyen est 15 sur 17
Statistiques - réponses
Hint Réponse % Correct
5) Bella
100%
4) Hello
100%
1) Je ne suis pas un héros
100%
3) On écrit sur les murs
100%
6) Chaque jour de plus
90%
7) Cosmo
90%
2) Encore un soir
90%
15) Juste une p'tite chanson
90%
16) La chanson des Restos
90%
10) Le portrait
90%
8) Utile
90%
12) Dans la maison vide
80%
14) Présentation des musiciens
80%
9) Ca plane pour moi
70%
11) Il est où le bonheur
70%
13) L'orage
70%
17) Comment faire un spectacle des Enfoirés
60%
Aucun quiz correspondant
Distribution des résultats
% des personnes avec chaque résultat
Percentile par nombre de réponses
Votre historique - résultats
Vous n’avez pas pris ce quiz